Schnelle Mathematik - Zahlen im Hexadezimalsystem Level 15 - Statistiken

Allgemein
  • Dieses Quiz wurde 34 mal gespielt
  • Das Durchschnittsergebnis liegt bei 11 aus 50
Antwortstatistiken
Zahl Zahl % Korrekt
9 9
67%
5 5
60%
6 6
60%
7 7
60%
0 0
56%
2 2
50%
3 3
50%
4 4
50%
D D
50%
C C
43%
0 0
40%
2 2
40%
2 2
40%
4 4
40%
6 6
40%
A A
40%
E E
40%
F F
40%
7 7
38%
0 0
33%
1 1
33%
3 3
33%
4 4
33%
5 5
33%
8 8
33%
8 8
33%
9 9
33%
E E
33%
F F
33%
3 3
29%
5 5
29%
5 5
29%
6 6
29%
F F
29%
5 5
25%
7 7
25%
7 7
25%
9 9
25%
C C
25%
C C
25%
C C
25%
D D
25%
8 8
22%
0 0
20%
1 1
20%
1 1
20%
3 3
20%
3 3
20%
4 4
20%
6 6
20%
8 8
20%
9 9
20%
B B
20%
1 1
17%
1 1
17%
3 3
17%
5 5
17%
6 6
17%
7 7
17%
9 9
17%
9 9
17%
A A
17%
B B
17%
B B
17%
D D
17%
F F
17%
8 8
14%
A A
14%
E E
14%
0 0
13%
A A
13%
B B
13%
E E
11%
0 0
0%
1 1
0%
2 2
0%
2 2
0%
2 2
0%
4 4
0%
4 4
0%
6 6
0%
7 7
0%
8 8
0%
A A
0%
A A
0%
B B
0%
B B
0%
C C
0%
C C
0%
D D
0%
D D
0%
D D
0%
E E
0%
E E
0%
F F
0%
F F
0%
Keine übereinstimmenden Quizze gefunden
Verteilung der Resultate
Anzahl Personen mit jedem Resultat
Perzentil nach korrekt beantworteten Fragen
Ihre Resultats-Entwicklung
Sie haben dieses Quiz noch nicht gespielt